000 00313nam a2200133Ia 4500
005 20260326235453.0
008 260326s9999||||xx |||||||||||||| ||und||
100 _aHoag, John D.
245 0 _aIslamic Architecture /
_cJohn D. Hoag
260 _bRizzoli
300 _a203 p.
650 _aARQUITECTURA
942 _cBK
999 _c7842
_d7842